Las Cerámicas romanas de paredes finas en Cataluña / Alberto López Mullor
ISBN:
84-7794-073-8
Descripción Física:
2 v. : un de text, a doble columna, i un de làmines ; 21 x 30 cm
Colección:
Quaderns científics i tècnics ; 2
Materias:
Ceràmica romana -- Catalunya
MARC
| LEADER | 00000nam a2200000Ia 4500 | ||
|---|---|---|---|
| 001 | 8971, 8972 | ||
| 008 | 160829s1989 xx 000 0 cat d | ||
| 020 | |a 84-7794-073-8 (v.1), 84-7794-074-6 (v.2) | ||
| 080 | |a FOL-1-152, FOL-1-153 | ||
| 100 | |a López Mullor, Albert, |d 1952-2017 |9 25071 | ||
| 245 | |a Las Cerámicas romanas de paredes finas en Cataluña / Alberto López Mullor | ||
| 260 | |a Barcelona : |b Diputació de Barcelona. Servei del Patrimoni Arquitectònic, |c 1989 | ||
| 300 | |a 2 v. : |b un de text, a doble columna, i un de làmines ; |c 21 x 30 cm | ||
| 490 | |a Quaderns científics i tècnics ; 2 | ||
| 590 | |a Bibliografia. | ||
| 590 | |a Conté: v. 1: Texto; v. 2: Láminas | ||
| 650 | |a Ceràmica romana |x Catalunya |9 23883 | ||
| 710 | |a Barcelona (Catalunya : Província). |b Servei de Patrimoni Arquitectònic |9 54081 | ||
| 901 | |a Arxiu | ||
| 942 | |n 1 | ||
| 952 | |0 0 |1 0 |4 0 |6 FOL1152_FOL1153 |7 1 |9 42905 |a Arxiu |b Arxiu |d 2016-12-01 |l 0 |o FOL-1-152, FOL-1-153 |p 8971, 8972 |r 2016-12-01 00:00:00 |w 2016-12-01 |y ARXIU | ||
| 999 | |c 45411 |d 45411 | ||